00446pab a2200133 454500008004000000100002500040245009700065260000900162300001300171362001100184650006100195650002200256773003400278180718b2018 xxu||||| |||| 00| 0 eng d aSadoway, David et al aJNNURM as a window on urban governance: its institutional footprint, antecedents, and legacy c2018 ap.71-81. a13 Jan aJNNURM (Jawaharlal Nehru National Urban Renewal Mission) aUrban development aEconomic and Political Weekly